Модель универсальных компетенций профессионального инженера; Инженерное образование; № 6
| Parent link: | Инженерное образование: электронный научный журнал/ Ассоциация инженерного образования России (АИОР).— : [Б. и.], 2003-.— 1810-2883 № 6.— 2010.— [С. 18-25] |
|---|---|
| Autor principal: | |
| Sumari: | Заглавие с титульного листа Рассмотрены характеристики уровней развития и индикаторы универсальных инженерных компетенций. The characteristics of development levels and indicators of universal engineering competences are considered in the article. |
| Idioma: | rus |
| Publicat: |
2010
|
| Col·lecció: | Управление качеством подготовки специалистов в вузе |
| Matèries: | |
| Accés en línia: | https://old.aeer.ru/files/io/m6/art_3.pdf |
| Format: | MixedMaterials Electrònic Capítol de llibre |
| KOHA link: | https://koha.lib.tpu.ru/cgi-bin/koha/opac-detail.pl?biblionumber=511960 |
MARC
| LEADER | 00000naa2a2200000 4500 | ||
|---|---|---|---|
| 001 | 511960 | ||
| 005 | 20250520134958.0 | ||
| 035 | |a (RuTPU)RU\TPU\prd\188423 | ||
| 035 | |a RU\TPU\prd\188422 | ||
| 090 | |a 511960 | ||
| 100 | |a 20130701d2010 k y0rusy50 ca | ||
| 101 | 0 | |a rus | |
| 102 | |a RU | ||
| 135 | |a drnn ---uucaa | ||
| 181 | 0 | |a i | |
| 182 | 0 | |a b | |
| 200 | 1 | |a Модель универсальных компетенций профессионального инженера |b Электронный ресурс |f С. И. Герасимов | |
| 203 | |a Текст |c электронный | ||
| 215 | |a 1 файл (156 Кб) | ||
| 225 | 1 | |a Управление качеством подготовки специалистов в вузе | |
| 230 | |a Электронные текстовые данные (1 файл : 156 Кб) | ||
| 300 | |a Заглавие с титульного листа | ||
| 320 | |a [Библиогр.: с. 25 (5 назв.)] | ||
| 330 | |a Рассмотрены характеристики уровней развития и индикаторы универсальных инженерных компетенций. | ||
| 330 | |a The characteristics of development levels and indicators of universal engineering competences are considered in the article. | ||
| 337 | |a Adobe Reader | ||
| 461 | 1 | |0 (RuTPU)RU\TPU\prd\176632 |x 1810-2883 |t Инженерное образование |o электронный научный журнал |f Ассоциация инженерного образования России (АИОР) |n [Б. и.] |d 2003- | |
| 463 | 1 | |0 (RuTPU)RU\TPU\prd\188340 |t № 6 |v [С. 18-25] |d 2010 | |
| 610 | 1 | |a высшее профессиональное образование | |
| 610 | 1 | |a инженерное образование | |
| 610 | 1 | |a компетенции | |
| 610 | 1 | |a индикаторы | |
| 610 | 1 | |a уровни развития | |
| 610 | 1 | |a развитие | |
| 610 | 1 | |a характеристики | |
| 610 | 1 | |a инженеры | |
| 610 | 1 | |a электронный ресурс | |
| 700 | 1 | |a Герасимов |b С. И. |g Сергей Иванович | |
| 801 | 1 | |a RU |b 63413507 |c 20090623 |g PSBO | |
| 801 | 2 | |a RU |b 63413507 |c 20130702 |g PSBO | |
| 856 | 4 | |u https://old.aeer.ru/files/io/m6/art_3.pdf | |
| 942 | |c BK | ||